00271nam a2200109Ia 4500008004100000041001200041082001100053100002200064245006300086260000600149650000600155221030s9999 xx 000 0 und d aEnglish a105.23 aB. S. Raghuwanshi 2aA Course in Workshop TechnologyVol.1cby B. S. Raghuwanshi c0 aB